Does academic freedom apply to public school teacheers? (Record no. 66255)
[ view plain ]
| 000 -CABECERA | |
|---|---|
| campo de control de longitud fija | 00560nam a2200205 a 4500 |
| 005 - FECHA Y HORA DE LA ÚLTIMA TRANSACCIÓN | |
| campo de control | 20210219153019.0 |
| 008 - ELEMENTOS DE LONGITUD FIJA--INFORMACIÓN GENERAL | |
| campo de control de longitud fija | 991125n 000 0 u |
| 035 ## - NÚMERO DE CONTROL DEL SISTEMA | |
| Número de control de sistema | UPN01000073150 |
| 100 ## - ASIENTO PRINCIPAL--NOMBRE PERSONAL | |
| Nombre de persona | BLANKENBURG, Richard M |
| 222 ## - TÍTULO CLAVE | |
| Título clave | EDUCATIONAL FORUM |
| 245 ## - MENCIÓN DE TÍTULO | |
| Título | Does academic freedom apply to public school teacheers? |
| 300 ## - DESCRIPCIÓN FÍSICA | |
| Extensión | 153-156 |
| 362 ## - FECHAS DE PUBLICACIÓN Y/O DESIGNACIÓN SECUENCIAL | |
| Fecha de publicación y/o designación secuencial | 1971 Vol. 35, no. 2 (jan.) |
| 653 0# - TERMINO DE INDIZACION - NO CONTROLADO | |
| Término no controlado | DERECHOS HUMANOS |
| 653 0# - TERMINO DE INDIZACION - NO CONTROLADO | |
| Término no controlado | EDUCACION PUBLICA |
| 653 0# - TERMINO DE INDIZACION - NO CONTROLADO | |
| Término no controlado | LIBERTAD ACADÉMICA |
| 653 0# - TERMINO DE INDIZACION - NO CONTROLADO | |
| Término no controlado | MAESTROS |
| 904 ## - ELEMENTOS DE DATOS D LOCAL, LDD (RLIN) | |
| a | AC |
| b | 010961 |
| 905 ## - TIPO DE MATERIAL | |
| Tipo de material | Articulo |
No items available.
